Quiz o Wenecji - Statystyki

Ogólne statystyki
  • Ten quiz został rozwiązany 490 razy
    470 od ostatniego zresetowania
  • Średni wynik to 10 z 21
Statystyki odpowiedzi
Wskazówka Odpowiedź % Poprawnych
Rodzaj łodzi, z której słynie Wenecja Gondola
93%
Nazwa Wenecji, gdy była suwerennym państwem Republika {Wenecka}
81%
Kompozytor „Czterech pór roku” Antonio Vivaldi
79%
Wenecja graniczy z tym morzem Morze Adriatyckie
77%
„Wenecja” po włosku Venezia
69%
Święto słynące z oryginalnych masek {Karnawał} w Wenecji
68%
Wenecki odkrywca, który podróżował do Chin i spotkał Kubilaj-chana Marco Polo
58%
Patron Wenecji i patron ich katedry Święty {Marek}
58%
Krzyżowcy weneccy splądrowali to miasto w 1204 roku, paraliżując Cesarstwo Bizantyjskie Konstantynopol
56%
Wenecja była jednym z czterech włoskich miast-państw, które były głównymi potęgami morskimi w średniowieczu. Podaj nazwę jednego z pozostałych. Genua | Piza | Amalfi
55%
Tytuł przywódcy średniowiecznej Wenecji Doża
49%
Wenecki awanturnik, którego imię stało się synonimem uwodzenia Giacomo Casanova
48%
Nagroda Festiwalu Filmowego w Wenecji Złoty {Lew}
41%
Osoba, która podbiła Wenecję w 1797 roku Napoleon Bonaparte
39%
Najsłynniejszy most na powyższym Rialto
30%
Wenecja znajduje się w tym regionie Wenecja {Euganejska}
27%
Wyspa znana z dmuchania szkła Murano
25%
Ciek wodny dzielący miasto na dwie części Canal Grande
24%
Zamknięty most, po którym skazańcy przechodzili w drodze do więzienia Most {Westchnień}
24%
Sztuki Szekspira rozgrywające się w Wenecji Otello
24%
Sztuki Szekspira rozgrywające się w Wenecji Kupiec wenecki
18%
Nie znaleziono quizów pasujących do podanych kryteriów
Rozkład punktacji
Procent ludzi z każdym wynikiem
Percentyl według liczby udzielonych odpowiedzi
Twoja historia wyników
Nie rozwiązałeś tego quizu od ostatniego zresetowania